| 000 | 01179nam a2200229Ia 4500 | ||
|---|---|---|---|
| 003 | Ost | ||
| 005 | 20260507075503.0 | ||
| 008 | 260507s9999||||xx |||||||||||||| ||und|| | ||
| 020 | _a9961004477 | ||
| 040 | _cfsecg | ||
| 041 | _aara | ||
| 082 | _a332.1 | ||
| 100 |
_aفريدة، بخراز يعدل _eمؤلف |
||
| 245 | 0 |
_aتقنيات وسياسات التسيير المصرفي / _c بخراز يعدل فريدة |
|
| 250 | _aطبعة 3 | ||
| 260 |
_aالجزائر: _bديوان المطبوعات الجامعية, _c2005 |
||
| 300 |
_a173 صفحة؛ _bإيضاحات ؛ _c22 سم |
||
| 504 | _aببليوغرافيا:ص ص.172-173 | ||
| 520 | _aالمظاهر العامة للإقتصاد النقدي،الإقتصاد البنكي والنقدي والتمويل،النقد وخصائصه،المؤسسات المالية،الميكانيزمات المالية،تدخلات السلطات العامة والتوازن النقدي والمالي للإقتصاد،السياسة النقدية وأهدافها،السياسة النقدية وسعر الصرف،وسائل السياسة النقدية | ||
| 653 | _aالبنوك | ||
| 942 | _cكتاب | ||
| 999 |
_c44701 _d44701 |
||